Tejedores de supervivencia Redes de solidaridad de familias nicaragüenses en Costa Rica: el caso de "La Carpio" /
Guardado en:
| Hovedforfatter: | |
|---|---|
| Format: | Texto |
| Fag: | |
| Tags: |
Tilføj Tag
Ingen Tags, Vær først til at tagge denne postø!
|
MARC
| LEADER | 00000 a a2200000 04500 | ||
|---|---|---|---|
| 001 | 46852 | ||
| 003 | |||
| 040 | |||
| 090 | |a REV0229 (118) 2001 | ||
| 100 | |a Marin Herrera, Maritza | ||
| 245 | |a Tejedores de supervivencia Redes de solidaridad de familias nicaragüenses en Costa Rica: |b el caso de "La Carpio" / |c Maritza Marin Herrera | ||
| 650 | |a MIGRACION INTERNACIONAL | ||
| 650 | |a COMPORTAMIENTO SOCIAL | ||
| 650 | |a GRUPOS MINORITARIOS | ||
| 650 | |a ASPECTOS SOCIALES | ||
| 650 | |a ASPECTOS PSICOLOGICOS | ||
| 650 | |a IDENTIDAD CULTURAL | ||
| 650 | |a CONDICIONES DE VIDA | ||
| 650 | |a CAMBIO SOCIAL | ||
| 650 | |a MIGRANTES | ||
| 650 | |a COMPOSICION DE LA POBLACION | ||
| 650 | |a DISTRIBUCION EDAD Y SEXO | ||
| 650 | |a ASPECTOS EDUCATIVOS | ||
| 650 | |a OCUPACIONES | ||
| 650 | |a INGRESO | ||
| 650 | |a FAMILIA | ||
| 773 | |g número118, (2001), Páginas 1-110 | ||
| 999 | |c 28212 |d 28212 | ||
